Can You Name the Top 20 Largest Colleges in America - Statistics

General Stats
  • This quiz has been taken 20 times
  • The average score is 12 of 20
Answer Stats
Rank Population State College % Correct
10 52,384 Texas University of Texas
88%
1 80,065 Arizona Arizona State University
82%
9 54,955 Minnesota University of Minnesota
82%
4 60,540 Ohio Ohio State University
76%
8 55,211 Florida University of Florida
76%
13 51,225 Michigan University of Michigan
76%
16 50,023 Michigan Michigan State University
71%
18 49,403 Arizona University of Arizona
71%
19 48,956 Wisconsin University of Wisconsin
71%
15 50,028 Pennsylvania Pennsylvania State University
65%
3 68,346 Florida University of Central Florida
65%
11 52,319 Washington University of Washington
65%
6 56,916 Illinois University of Illinois
53%
12 51,528 Indiana Purdue University
47%
2 74,014 Texas Texas A&M University
47%
17 49,600 Florida University of South Florida
47%
14 50,637 New Jersey Rutgers University
41%
20 48,945 California University of Southern California
29%
7 55,609 Florida Florida International University
24%
5 59,144 New York New York University
24%
No matching quizzes found
Score Distribution
Percent of People with Each Score
Percentile by Number Answered
Your Score History
You have not taken this quiz